|
|
|
|
| LEADER |
00000ny a22000003n 4500 |
| 005 |
20110617141941.0 |
| 008 |
070417s2007 sp s 000 0 spa c |
| 017 |
|
|
|a D.L.SE64-07
|
| 020 |
|
|
|a 8497729641
|
| 035 |
|
|
|a 1750
|
| 040 |
|
|
|a BUS
|d vlex
|
| 040 |
|
|
|a UMA.RE
|d vlex
|
| 080 |
|
|
|a 342.7-053.9(460)
|
| 090 |
|
|
|c 1396
|d 1396
|
| 245 |
0 |
4 |
|a Los derechos de las personas mayores
|h [Recurso electrn̤ico]
|b perspectivas sociales, jurd̕icas, polt̕icas y filosf̤icas /
|c Diego Blz̀quez Martn̕ (editor) ... [et al.]
|
| 256 |
|
|
|a Servicio en ln̕ea
|
| 260 |
|
|
|a Madrid :
|b Dykinson [etc.],
|c D.L. 2007
|
| 300 |
|
|
|a 120 p. ;
|c 24 cm
|
| 490 |
1 |
|
|a Cuadernos Bartolom ̌de las Casas / Universidad Carlos III de Madrid ;
|v 40
|
| 506 |
1 |
|
|a Contenido solo disponible en los productos indicados
|d vLex Global
|d vLex Global (Academic Edition, excluding Law Schools)
|d vLex Global (U.S. Academic Edition, Law Schools)
|d vLex Global (U.S. Academic Edition, excluding Law Schools)
|d vLex Global (Academic Edition, Law Schools)
|
| 650 |
0 |
7 |
|a Medios alternativos de solucin̤ de conflictos
|2 Tesauro vLex
|
| 650 |
0 |
7 |
|a Procesal
|2 Tesauro vLex
|
| 650 |
0 |
7 |
|a Proteccin̤ a la tercera edad
|2 Tesauro vLex
|
| 700 |
1 |
|
|a Blz̀quez Martn̕, Diego,
|e ed. lit
|
| 740 |
0 |
|
|a vLex Libros (Servicios en ln̕ea)
|
| 810 |
2 |
|
|a Universidad Carlos III de Madrid.
|b Instituto de Derechos Humanos Bartolom ̌de las Casas.
|t Cuadernos ;
|v 40
|
| 856 |
4 |
0 |
|u http://vlex.com/source/1750
|z Acceso restringido
|
| 942 |
|
|
|c BOOK
|